|
|
|
|
| LEADER |
00000nam2a2200000 4500 |
| 001 |
274502 |
| 005 |
20231101234732.0 |
| 020 |
|
|
|a RU
|b 85-103882
|
| 035 |
|
|
|a (RuTPU)RU\TPU\book\297712
|
| 035 |
|
|
|a RU\TPU\book\297709
|
| 090 |
|
|
|a 274502
|
| 100 |
|
|
|a 20141106d1985 k y0rusy5003 ca
|
| 101 |
0 |
|
|a rus
|
| 102 |
|
|
|a RU
|
| 105 |
|
|
|a y a 001zy
|
| 200 |
0 |
|
|a Ч. 1
|
| 210 |
|
|
|d 1985
|
| 215 |
|
|
|a 154 с.
|
| 300 |
|
|
|a Авт. указаны на обороте тит. л.
|
| 320 |
|
|
|a Указатель авторов: с. 152-154
|
| 461 |
|
1 |
|0 (RuTPU)RU\TPU\book\291946
|t Палинология верхнепалеозойских, мезозойских и кайнозойских отложений юго-востока Русской платформы
|d 1985
|
| 461 |
|
|
|t Обзор литературы и аннотированная библиография 1904-1982 г. г.
|o в 2 ч.
|f под ред. Г. В. Кулевой
|v Ч. 1
|
| 606 |
1 |
|
|a Палеопалинология
|2 stltpush
|3 (RuTPU)RU\TPU\subj\48025
|9 66907
|
| 610 |
1 |
|
|a библиографические обзоры
|
| 610 |
1 |
|
|a библиографические указатели
|
| 610 |
1 |
|
|a палинологические данные
|
| 610 |
1 |
|
|a палинологические исследования
|
| 610 |
1 |
|
|a Европейская часть
|
| 610 |
1 |
|
|a СССР
|
| 610 |
1 |
|
|a аннотированные указатели
|
| 610 |
1 |
|
|a фанерозой
|
| 610 |
1 |
|
|a фанерозойские отложения
|
| 675 |
|
|
|a 561(01)
|z rus
|v 4
|
| 701 |
|
1 |
|a Орлова
|b Е. Д.
|
| 701 |
|
1 |
|a Кузнецова
|b Н. И.
|
| 701 |
|
1 |
|a Березовчук
|b Л. С.
|
| 701 |
|
1 |
|a Коваленко
|b Н. Д.
|
| 801 |
|
0 |
|a RU
|b RuMRKP
|c 19950704
|g psbo
|
| 801 |
|
1 |
|a RU
|b 63413507
|c 20141106
|
| 801 |
|
2 |
|a RU
|b 63413507
|c 20170324
|g RCR
|
| 942 |
|
|
|c BK
|